[Event "Quebec op"]
[Site "Montreal CAN"]
[Date "2004.07.20"]
[Round "4"]
[White "Bolduc, Steve"]
[Black "Barbeau, Sylvain"]
[Result "0-1"]
[WhiteElo "2255"]
[BlackElo "2404"]
[PlyCount "60"]
[GameId "2160767911095055"]
[EventDate "2004.07.17"]
[EventType "swiss"]
[EventRounds "9"]
[EventCountry "CAN"]
[SourceTitle "CBM 101 Extra"]
[Source "ChessBase"]
[SourceDate "2004.09.01"]
[SourceVersion "2"]
[SourceVersionDate "2004.09.01"]
[SourceQuality "1"]

1. d4 Nf6 2. c4 g6 3. Nc3 d5 4. Nf3 Bg7 5. Bg5 Ne4 6. cxd5 Nxg5 7. Nxg5 e6 8. Nf3 exd5 9. b4 c6 10. e3 a5 11. b5 c5 12. Be2 O-O 13. O-O Be6 14. Rc1 Nd7 15. Qd2 Rc8 16. Rfd1 Nb6 17. dxc5 Rxc5 18. e4 d4 19. Nxd4 Qxd4 20. Qxd4 Bxd4 21. Rxd4 Rfc8 22. f4 Rxc3 23. Rxc3 Rxc3 24. g4 Bc4 25. Bxc4 Rxc4 26. Rd6 Na4 27. f5 gxf5 28. gxf5 Rxe4 29. f6 h6 30. Kf2 b6 0-1

[Event "Quebec op"]
[Site "Montreal CAN"]
[Date "2004.07.20"]
[Round "4"]
[White "Burnett, Ronald"]
[Black "Sullivan, Neil"]
[Result "1-0"]
[WhiteElo "2439"]
[BlackElo "2092"]
[PlyCount "59"]
[GameId "2160767911095056"]
[EventDate "2004.07.17"]
[EventType "swiss"]
[EventRounds "9"]
[EventCountry "CAN"]
[SourceTitle "CBM 101 Extra"]
[Source "ChessBase"]
[SourceDate "2004.09.01"]
[SourceVersion "2"]
[SourceVersionDate "2004.09.01"]
[SourceQuality "1"]

1. e4 c5 2. Nf3 Nc6 3. Bb5 g6 4. O-O Bg7 5. Re1 Nf6 6. c3 O-O 7. h3 a6 8. Bf1 b5 9. d4 cxd4 10. cxd4 d5 11. e5 Ne8 12. Nbd2 Nc7 13. Nb3 Ne6 14. Ng5 Qb6 15. Nxe6 Bxe6 16. Be3 Na5 17. Nc5 Rfc8 18. Bg5 Ra7 19. b3 Rac7 20. Qd2 Nc6 21. Nxe6 fxe6 22. Be3 Nd8 23. Rac1 a5 24. Rxc7 Rxc7 25. Qd3 b4 26. Qb5 Qxb5 27. Bxb5 Kf7 28. Rc1 Rb7 29. Ba4 Rb6 30. Rc8 1-0

[Event "Quebec op"]
[Site "Montreal CAN"]
[Date "2004.07.20"]
[Round "4"]
[White "Cazelais, Marc"]
[Black "Fillion, Steve"]
[Result "1-0"]
[WhiteElo "2133"]
[BlackElo "2169"]
[PlyCount "71"]
[GameId "2160767911095057"]
[EventDate "2004.07.17"]
[EventType "swiss"]
[EventRounds "9"]
[EventCountry "CAN"]
[SourceTitle "CBM 101 Extra"]
[Source "ChessBase"]
[SourceDate "2004.09.01"]
[SourceVersion "2"]
[SourceVersionDate "2004.09.01"]
[SourceQuality "1"]

1. e4 e6 2. d4 d5 3. Nc3 Nf6 4. Bg5 Be7 5. Bxf6 Bxf6 6. e5 Be7 7. Qg4 O-O 8. Bd3 f5 9. Qg3 c5 10. dxc5 Bxc5 11. Nf3 Nc6 12. O-O Bd7 13. Ne2 Qe7 14. c3 Rac8 15. Nf4 Bb6 16. Rfe1 a6 17. Ng5 Bc7 18. Ng6 Qe8 19. Nxf8 Qxf8 20. Nf3 Bb6 21. Rad1 Qc5 22. Bb1 Be8 23. Rd2 Bh5 24. Ng5 Qe7 25. h4 d4 26. Qf4 h6 27. Nxe6 Qxe6 28. Bxf5 Qf7 29. Qe4 Rf8 30. g4 g6 31. e6 Qf6 32. e7 Re8 33. Be6+ Kh8 34. gxh5 gxh5 35. Qf5 Qxh4 36. Qf8+ 1-0

[Event "Quebec op"]
[Site "Montreal CAN"]
[Date "2004.07.20"]
[Round "4"]
[White "Gilman, Arkadiy"]
[Black "Ramaswamy, Kishor"]
[Result "1-0"]
[WhiteElo "2235"]
[BlackElo "2078"]
[PlyCount "79"]
[GameId "2160767911095060"]
[EventDate "2004.07.17"]
[EventType "swiss"]
[EventRounds "9"]
[EventCountry "CAN"]
[SourceTitle "CBM 101 Extra"]
[Source "ChessBase"]
[SourceDate "2004.09.01"]
[SourceVersion "2"]
[SourceVersionDate "2004.09.01"]
[SourceQuality "1"]

1. d4 d5 2. c4 e6 3. Nc3 Nf6 4. Bg5 Nbd7 5. Nf3 c6 6. cxd5 exd5 7. e3 Be7 8. Bd3 Nh5 9. Bxe7 Qxe7 10. O-O Nhf6 11. Qc2 O-O 12. Rfe1 g6 13. Rab1 Nb6 14. b4 a6 15. a4 Be6 16. a5 Nc8 17. Na4 Nd6 18. Nc5 Bf5 19. Ne5 Bxd3 20. Qxd3 Nfe4 21. f3 Nxc5 22. bxc5 Nb5 23. Qd2 f5 24. Qf2 Qc7 25. Ra1 Rae8 26. f4 Qd8 27. Rf1 Qe7 28. Qd2 Qc7 29. Rf3 Re7 30. Rg3 Rg7 31. Kf2 Re8 32. h4 Re6 33. Rh1 h5 34. Qb4 Kh7 35. Rg5 Qc8 36. Qd2 Rf6 37. Qd3 Qe8 38. g4 hxg4 39. h5 gxh5 40. Rgxh5+ 1-0

[Event "Quebec op"]
[Site "Montreal CAN"]
[Date "2004.07.20"]
[Round "4"]
[White "Khassanov, Marat"]
[Black "Rosen, Matthew"]
[Result "1/2-1/2"]
[WhiteElo "2344"]
[BlackElo "2201"]
[PlyCount "75"]
[GameId "2160767911095062"]
[EventDate "2004.07.17"]
[EventType "swiss"]
[EventRounds "9"]
[EventCountry "CAN"]
[SourceTitle "CBM 101 Extra"]
[Source "ChessBase"]
[SourceDate "2004.09.01"]
[SourceVersion "2"]
[SourceVersionDate "2004.09.01"]
[SourceQuality "1"]

1. Nf3 Nf6 2. g3 d6 3. Bg2 g6 4. O-O Bg7 5. d4 O-O 6. Re1 Nbd7 7. e4 e5 8. Nc3 c6 9. a4 a5 10. b3 Qb6 11. Ba3 exd4 12. Qxd4 Ng4 13. Qxb6 Nxb6 14. Bb2 f5 15. Nd1 Bxb2 16. Nxb2 fxe4 17. Rxe4 Bf5 18. Re2 Rae8 19. Rae1 Rxe2 20. Rxe2 d5 21. Nd4 Nf6 22. Re7 Rf7 23. Nxf5 gxf5 24. Re6 Nbd7 25. Nd3 Ne4 26. f4 Rf6 27. Rxf6 Ndxf6 28. Bh3 Nd6 29. Ne5 Nfe4 30. Kg2 h5 31. Kf3 Kf8 32. Ke3 Ke7 33. Bg2 Nf6 34. h3 Nde4 35. Bxe4 Nxe4 36. Kf3 Nd2+ 37. Ke2 Ne4 38. Kf3 1/2-1/2

[Event "Quebec op"]
[Site "Montreal CAN"]
[Date "2004.07.20"]
[Round "4"]
[White "Lapshun, Yury"]
[Black "Gravel, Simon M"]
[Result "1-0"]
[WhiteElo "2444"]
[BlackElo "2256"]
[PlyCount "79"]
[GameId "2160767911095063"]
[EventDate "2004.07.17"]
[EventType "swiss"]
[EventRounds "9"]
[EventCountry "CAN"]
[SourceTitle "CBM 101 Extra"]
[Source "ChessBase"]
[SourceDate "2004.09.01"]
[SourceVersion "2"]
[SourceVersionDate "2004.09.01"]
[SourceQuality "1"]

1. b4 Nf6 2. Bb2 d5 3. e3 Bf5 4. f4 e6 5. a3 a5 6. b5 c5 7. Nf3 Nbd7 8. c4 Bd6 9. cxd5 exd5 10. Be2 O-O 11. O-O h6 12. Nc3 Bh7 13. d4 Nb6 14. Ne5 Rc8 15. Bf3 cxd4 16. exd4 Nc4 17. Nxc4 Rxc4 18. Nxd5 Nxd5 19. Bxd5 Rc2 20. Bc1 Bxa3 21. Qf3 Bxc1 22. Raxc1 Re8 23. f5 Rxc1 24. Rxc1 Qg5 25. Rc7 Re1+ 26. Kf2 Qd2+ 27. Kg3 Kh8 28. Rc8+ Bg8 29. Qg4 Re3+ 30. Bf3 b6 31. f6 g5 32. h3 Qe1+ 33. Kh2 Re8 34. Qh5 Kh7 35. Bg4 Qf2 36. Rxe8 Qf4+ 37. Kg1 Qxd4+ 38. Kh1 Qxf6 39. Be2 Kg7 40. Qf3 1-0

[Event "Quebec op"]
[Site "Montreal CAN"]
[Date "2004.07.20"]
[Round "4"]
[White "McDonough, Jonathan"]
[Black "Castaneda, Nelson"]
[Result "1-0"]
[WhiteElo "2184"]
[BlackElo "2288"]
[PlyCount "99"]
[GameId "2160767911095064"]
[EventDate "2004.07.17"]
[EventType "swiss"]
[EventRounds "9"]
[EventCountry "CAN"]
[SourceTitle "CBM 101 Extra"]
[Source "ChessBase"]
[SourceDate "2004.09.01"]
[SourceVersion "2"]
[SourceVersionDate "2004.09.01"]
[SourceQuality "1"]

1. d4 d5 2. c4 e6 3. Nc3 Be7 4. Nf3 Nf6 5. cxd5 exd5 6. Bg5 O-O 7. e3 b6 8. Rc1 Bb7 9. Be2 Nbd7 10. O-O c5 11. dxc5 bxc5 12. Qb3 Qb6 13. Qc2 Rac8 14. Rfd1 Rfd8 15. h3 h6 16. Bh4 Qe6 17. Qb3 Ba8 18. Bg3 Nf8 19. Qa4 Rd7 20. Bb5 Rb7 21. a3 Rb6 22. Qxa7 Ne4 23. Nxe4 Rxb5 24. Ned2 Bc6 25. b4 Bd8 26. Qa4 Rxb4 27. Qa6 Ra4 28. Qd3 Be7 29. Rb1 Rca8 30. Rb6 Nd7 31. Rbb1 Rxa3 32. Qe2 Ra2 33. Qe1 Bf6 34. Nb3 Ba4 35. Rdc1 Qe7 36. Kh2 g6 37. Nbd2 Bc6 38. Nb3 Kh7 39. Nbd4 Ba4 40. Nb5 Ne5 41. Nxe5 Bxe5 42. Nc3 Bxc3 43. Qxc3 c4 44. Rb6 Bd7 45. Rb7 Qe6 46. Rcb1 Re8 47. R1b6 Qe7 48. Rd6 Rd8 49. Rxd5 Qe8 50. Qf6 1-0

[Event "Quebec op"]
[Site "Montreal CAN"]
[Date "2004.07.20"]
[Round "4"]
[White "Rousseau, Daniel"]
[Black "Voskanyan, Vahagn"]
[Result "1/2-1/2"]
[WhiteElo "2109"]
[BlackElo "2271"]
[PlyCount "145"]
[GameId "2160767911095066"]
[EventDate "2004.07.17"]
[EventType "swiss"]
[EventRounds "9"]
[EventCountry "CAN"]
[SourceTitle "CBM 101 Extra"]
[Source "ChessBase"]
[SourceDate "2004.09.01"]
[SourceVersion "2"]
[SourceVersionDate "2004.09.01"]
[SourceQuality "1"]

1. e4 c6 2. d4 d5 3. Nc3 dxe4 4. Nxe4 Nf6 5. Ng5 Bf5 6. Bc4 e6 7. Be3 Nbd7 8. Qe2 Bd6 9. O-O-O h6 10. N5f3 Qc7 11. Bd3 Bxd3 12. Qxd3 O-O-O 13. Ne2 Kb8 14. Nc3 Nb6 15. Ne4 Nxe4 16. Qxe4 Nc4 17. Qd3 Nxe3 18. fxe3 e5 19. g3 Rhe8 20. Qh7 exd4 21. exd4 Qa5 22. Kb1 Qd5 23. Qd3 a6 24. Rhe1 Qh5 25. Re2 Rxe2 26. Qxe2 f5 27. Re1 f4 28. gxf4 Bxf4 29. c3 g5 30. Qe4 Bc7 31. Re2 Qh3 32. Ne5 Rf8 33. Kc2 Qe6 34. b3 Kc8 35. Qg4 Qxg4 36. Nxg4 h5 37. Ne5 g4 38. Kd3 Rf4 39. c4 Bd8 40. d5 cxd5 41. cxd5 Bf6 42. Nc4 b5 43. Nb6+ Kc7 44. Re6 h4 45. Rc6+ Kb7 46. Ke3 Rf1 47. Nd7 Be7 48. Ne5 Re1+ 49. Kf4 g3 50. hxg3 hxg3 51. Rg6 g2 52. Nf3 Re2 53. Ng1 Rxa2 54. Rg7 Kb6 55. Rxe7 Ra1 56. Nf3 g1=Q 57. Nxg1 Rxg1 58. Ke5 Kc5 59. Rc7+ Kb4 60. d6 Re1+ 61. Kd5 a5 62. Kc6 Rc1+ 63. Kb6 Rd1 64. d7 Rd6+ 65. Kb7 Kxb3 66. Kc8 a4 67. d8=Q Rxd8+ 68. Kxd8 a3 69. Kd7 b4 70. Kd6 Kb2 71. Kc5 a2 72. Ra7 b3 73. Kb4 1/2-1/2

[Event "Quebec op"]
[Site "Montreal CAN"]
[Date "2004.07.20"]
[Round "5"]
[White "Grenier, Jean-Pierre"]
[Black "Lemay, Hugo"]
[Result "1-0"]
[WhiteElo "1559"]
[BlackElo "1429"]
[PlyCount "47"]
[GameId "2160767911095067"]
[EventDate "2004.07.17"]
[EventType "swiss"]
[EventRounds "9"]
[EventCountry "CAN"]
[SourceTitle "EXT 2009"]
[Source "ChessBase"]
[SourceDate "2008.11.26"]
[SourceVersion "1"]
[SourceVersionDate "2008.11.26"]
[SourceQuality "1"]

1. d4 Nf6 2. Nf3 g6 3. Nc3 d5 4. e3 Bg7 5. Bd3 Nbd7 6. b4 O-O 7. a4 Re8 8. Be2 e5 9. O-O c6 10. Na2 Qc7 11. Bb2 Ng4 12. h3 Nh6 13. c4 Kh8 14. Rc1 dxc4 15. Bxc4 Qb8 16. Ng5 f6 17. Ne6 Nb6 18. Nxg7 Kxg7 19. dxe5 Nxc4 20. exf6+ Kf7 21. Rxc4 Be6 22. Rh4 Nf5 23. Rf4 g5 24. Qh5+ 1-0

[Event "Quebec op"]
[Site "Montreal CAN"]
[Date "2004.07.20"]
[Round "5"]
[White "Laframboise, Marc-Andre"]
[Black "Zafirov, Stephane"]
[Result "1-0"]
[WhiteElo "2215"]
[BlackElo "2050"]
[PlyCount "39"]
[GameId "2160767911095068"]
[EventDate "2004.07.17"]
[EventType "swiss"]
[EventRounds "9"]
[EventCountry "CAN"]

1. d4 Nf6 2. c4 g6 3. Nc3 Bg7 4. e4 d6 5. f3 O-O 6. Be3 e5 7. d5 Qe7 8. Qd2 Na6 9. Nge2 c6 10. g4 Nc7 11. Ng3 Nfe8 12. Bd3 Bd7 13. h4 c5 14. h5 Rb8 15. Qh2 f6 16. hxg6 hxg6 17. Qh7+ Kf7 18. Rh6 g5 19. Qg6+ Kg8 20. O-O-O 1-0

[Event "Quebec op"]
[Site "Montreal CAN"]
[Date "2004.07.20"]
[Round "5"]
[White "Laurain, Guy"]
[Black "Libersan, Thierry"]
[Result "0-1"]
[WhiteElo "2191"]
[BlackElo "2016"]
[PlyCount "100"]
[GameId "2160767911095069"]
[EventDate "2004.07.17"]
[EventType "swiss"]
[EventRounds "9"]
[EventCountry "CAN"]

1. e4 c5 2. c3 d5 3. e5 Bf5 4. Nf3 e6 5. d4 Nc6 6. g3 c4 7. Nbd2 Nge7 8. h3 b5 9. Be2 Bg6 10. O-O Nf5 11. b3 Qa5 12. Bb2 Be7 13. b4 Qd8 14. a4 a6 15. g4 Nh4 16. Nxh4 Bxh4 17. f4 Rc8 18. Nb1 O-O 19. axb5 axb5 20. Na3 Rb8 21. Qd2 Be4 22. Nc2 Bg3 23. g5 f6 24. Ra6 fxe5 25. Rxc6 Qe8 26. Ra6 Qg6 27. f5 Rxf5 28. Rxf5 Bxf5 29. Bd1 Rf8 30. Qg2 Bh4 31. Bc1 Be4 32. Qg4 Bxc2 33. Bf3 Bf5 34. Qg2 Qf7 35. Bd2 Bd3 36. Bg4 Qf1+ 37. Qxf1 Rxf1+ 38. Kg2 Rf2+ 39. Kg1 Rf1+ 40. Kg2 Rf2+ 41. Kg1 Rxd2 42. Bxe6+ Kf8 43. Bxd5 Bf2+ 44. Kh1 Bxd4 45. cxd4 c3 46. Ra8+ Ke7 47. Ra7+ Kd8 48. Bf3 c2 49. Ra1 Be4 50. Bxe4 Rd1+ 0-1

[Event "Quebec op"]
[Site "Montreal CAN"]
[Date "2004.07.20"]
[Round "5"]
[White "Leriche, Felix"]
[Black "Gravel, Simon M"]
[Result "0-1"]
[WhiteElo "2111"]
[BlackElo "2244"]
[PlyCount "98"]
[GameId "2160767911095070"]
[EventDate "2004.07.17"]
[EventType "swiss"]
[EventRounds "9"]
[EventCountry "CAN"]

1. e4 d5 2. exd5 Qxd5 3. d4 Nf6 4. Nf3 Bg4 5. Be2 e6 6. h3 Bh5 7. c4 Qd8 8. Nc3 c6 9. O-O Nbd7 10. Be3 Bd6 11. Qd2 O-O 12. Rfd1 Re8 13. a3 a6 14. Bf4 Qc7 15. Bxd6 Qxd6 16. Ng5 Bg6 17. Bf3 Rad8 18. Nge4 Qc7 19. Nxf6+ Nxf6 20. Qe3 h6 21. Rac1 Qb8 22. Ne4 Bxe4 23. Bxe4 Nd5 24. Qf3 Nf4 25. h4 f5 26. Bb1 g6 27. g3 Nh5 28. Qe3 Kg7 29. f4 Kf7 30. Kg2 Nf6 31. Rd2 Ng4 32. Qc3 Qd6 33. Rcd1 Rh8 34. b4 b5 35. cxb5 axb5 36. Rc1 Rc8 37. Ba2 Nf6 38. Qc5 Rhd8 39. Qxd6 Rxd6 40. Rcd1 Ne4 41. Rd3 Rcd8 42. Kf3 R6d7 43. g4 Kf6 44. g5+ Kf7 45. gxh6 Rh8 46. Rc1 Rd6 47. d5 exd5 48. Rxc6 Rxc6 49. Bxd5+ Re6 0-1

[Event "Quebec op"]
[Site "Montreal CAN"]
[Date "2004.07.20"]
[Round "5"]
[White "Malette, Martin"]
[Black "Caire, Francois"]
[Result "0-1"]
[WhiteElo "2039"]
[BlackElo "2126"]
[PlyCount "76"]
[GameId "2160767911095071"]
[EventDate "2004.07.17"]
[EventType "swiss"]
[EventRounds "9"]
[EventCountry "CAN"]

1. e4 c5 2. Nf3 Nc6 3. Nc3 Nf6 4. e5 Ng4 5. Qe2 Qc7 6. Nb5 Qb8 7. d4 cxd4 8. Bf4 f6 9. Nd6+ exd6 10. exf6+ Kd8 11. Ng5 Nge5 12. Qe4 gxf6 13. Nxh7 Be7 14. Be2 Qc7 15. Bd2 d5 16. Qh4 d6 17. Qh6 Bf5 18. Qg7 Rxh7 19. Qg8+ Kd7 20. Qxa8 d3 21. cxd3 Be6 22. f4 Ng6 23. f5 Rh8 24. fxe6+ Kxe6 25. Qxh8 Nxh8 26. O-O Qb6+ 27. Kh1 Qxb2 28. Bg4+ Kf7 29. Bf4 Qd4 30. Bf5 Ng6 31. Bg3 Qa4 32. h3 Qa6 33. Rab1 Nge5 34. Bc8 Qxd3 35. Bxe5 dxe5 36. Bxb7 Nd4 37. Bxd5+ Kg6 38. Rbe1 Ne2 0-1

[Event "Quebec op"]
[Site "Montreal CAN"]
[Date "2004.07.20"]
[Round "5"]
[White "Marcone, Malcom"]
[Black "Khassanov, Marat"]
[Result "0-1"]
[WhiteElo "2010"]
[BlackElo "2341"]
[PlyCount "80"]
[GameId "2160767911095072"]
[EventDate "2004.07.17"]
[EventType "swiss"]
[EventRounds "9"]
[EventCountry "CAN"]

1. d4 c5 2. d5 e5 3. e4 d6 4. Nc3 a6 5. a4 Be7 6. Nf3 Bg4 7. Be2 Bxf3 8. Bxf3 Bg5 9. Bg4 Bxc1 10. Qxc1 Nf6 11. Bh3 Nbd7 12. Qg5 O-O 13. a5 b5 14. f3 c4 15. Bxd7 Qxd7 16. Qe3 Qc7 17. O-O b4 18. Na4 Nd7 19. Nb6 Rab8 20. Nxd7 Qxd7 21. f4 exf4 22. Rxf4 Rfe8 23. Raf1 f6 24. Qg3 Kh8 25. Rh4 Rf8 26. Rf5 g5 27. Rh6 Qg7 28. Rh3 Qe7 29. Rh6 Rbe8 30. Qf3 Qxe4 31. Rhxf6 Rxf6 32. Qxe4 Rxe4 33. Rxf6 Re2 34. Rxd6 Rxc2 35. Rc6 Kg7 36. d6 Kf7 37. d7 Ke7 38. Rd6 Kd8 39. Rd1 b3 40. h4 c3 0-1

[Event "Quebec op"]
[Site "Montreal CAN"]
[Date "2004.07.20"]
[Round "5"]
[White "Morin, Daniel"]
[Black "Breton, Yves"]
[Result "0-1"]
[WhiteElo "1407"]
[BlackElo "1513"]
[PlyCount "144"]
[GameId "2160767911095073"]
[EventDate "2004.07.17"]
[EventType "swiss"]
[EventRounds "9"]
[EventCountry "CAN"]
[SourceTitle "EXT 2009"]
[Source "ChessBase"]
[SourceDate "2008.11.26"]
[SourceVersion "1"]
[SourceVersionDate "2008.11.26"]
[SourceQuality "1"]

1. e4 e6 2. d4 d5 3. Nd2 Nf6 4. exd5 exd5 5. Ngf3 Bg4 6. Be2 Nc6 7. c3 Bd6 8. O-O O-O 9. Re1 Re8 10. Nf1 h6 11. Ne3 Bd7 12. Bd3 Bg4 13. Nxg4 Rxe1+ 14. Qxe1 Nxg4 15. h3 Nf6 16. Be3 Qe7 17. Qd2 Ne4 18. Qc2 Re8 19. a3 Qd7 20. c4 Nf6 21. c5 Bf8 22. b4 Ne4 23. Bb5 f6 24. Rd1 Qe6 25. Nd2 f5 26. Nf3 g5 27. Bxc6 Qxc6 28. Ne5 Qe6 29. f3 Nf6 30. Bf2 Nd7 31. Re1 Bg7 32. Nxd7 Qxd7 33. Rxe8+ Qxe8 34. Qxf5 c6 35. f4 Qf7 36. Qxf7+ Kxf7 37. fxg5 hxg5 38. g4 Bf6 39. Kf1 Ke6 40. Ke2 Kd7 41. Kd3 a6 42. Bg3 Ke6 43. Bc7 Bg7 44. Bd8 Bh6 45. a4 Kd7 46. Bf6 Ke6 47. Be5 Bf8 48. b5 axb5 49. axb5 Be7 50. bxc6 bxc6 51. Kc3 Bd8 52. Kb4 Kd7 53. Kc3 Ke6 54. Kd3 Kd7 55. Ke3 Ke7 56. Ke2 Kf7 57. Kf3 Kg6 58. h4 gxh4 59. Bd6 Bf6 60. Be5 Bxe5 61. dxe5 d4 62. Kf4 d3 63. e6 d2 64. e7 Kf7 65. Kg5 d1=Q 66. e8=Q+ Kxe8 67. Kxh4 Qh1+ 68. Kg5 Qd5+ 69. Kh6 Qxc5 70. g5 Qf8+ 71. Kh7 Kf7 72. g6+ Kf6 0-1

[Event "Quebec op"]
[Site "Montreal CAN"]
[Date "2004.07.20"]
[Round "5"]
[White "Plante, Michel"]
[Black "Spicer, Christopher"]
[Result "1-0"]
[WhiteElo "2009"]
[BlackElo "1966"]
[PlyCount "147"]
[GameId "2160767911095074"]
[EventDate "2004.07.17"]
[EventType "swiss"]
[EventRounds "9"]
[EventCountry "CAN"]

1. d4 Nf6 2. Nf3 e6 3. e3 c5 4. Bd3 b6 5. Qe2 Bb7 6. Nbd2 Be7 7. c3 O-O 8. O-O d5 9. Ne5 Ne4 10. f3 Nxd2 11. Bxd2 f6 12. Ng4 Nd7 13. e4 cxd4 14. cxd4 e5 15. dxe5 dxe4 16. Bxe4 Bxe4 17. Qxe4 f5 18. Qd5+ Kh8 19. Nf2 Nc5 20. Qxd8 Rfxd8 21. Rfd1 h6 22. Kf1 Kg8 23. Bb4 Kf7 24. f4 Ne6 25. Bxe7 Kxe7 26. g3 g5 27. Nh3 Rac8 28. Rxd8 Rxd8 29. Ke2 Rd4 30. Rf1 Re4+ 31. Kd2 Rd4+ 32. Kc3 g4 33. Nf2 b5 34. b3 b4+ 35. Kc2 Rd7 36. Rd1 Nd4+ 37. Kb2 Nf3 38. Rxd7+ Kxd7 39. h4 Nd4 40. Nh1 Ke6 41. Kc1 Kd5 42. Kd2 Nb5 43. Kd3 Nc3 44. a3 Na2 45. axb4 Nxb4+ 46. Kc3 Nc6 47. Nf2 Nd4 48. Nh1 Kc5 49. b4+ Kd5 50. Kd3 Nc6 51. b5 Nd4 52. Nf2 Nxb5 53. Nd1 Nd4 54. Ne3+ Kc5 55. e6 Nxe6 56. Nxf5 h5 57. Ne3 a5 58. f5 Nf8 59. f6 a4 60. Ng2 Ng6 61. Kc3 a3 62. f7 a2 63. Kb2 a1=Q+ 64. Kxa1 Kd6 65. Nf4 Nf8 66. Kb2 Ke7 67. Kc3 Kxf7 68. Kd4 Ne6+ 69. Nxe6 Kxe6 70. Ke4 Kf6 71. Kf4 Kg7 72. Kg5 Kh7 73. Kf5 Kh6 74. Kf6 1-0

[Event "Quebec op"]
[Site "Montreal CAN"]
[Date "2004.07.20"]
[Round "5"]
[White "Singher, Jean-Pierre"]
[Black "Pepin, Christian"]
[Result "1-0"]
[WhiteElo "1935"]
[BlackElo "2156"]
[PlyCount "47"]
[GameId "2160767911095076"]
[EventDate "2004.07.17"]
[EventType "swiss"]
[EventRounds "9"]
[EventCountry "CAN"]

1. d4 f5 2. c4 e6 3. Nc3 d5 4. Nf3 Nf6 5. g3 c6 6. Bg2 Bd6 7. O-O O-O 8. Rb1 Bd7 9. c5 Bc7 10. b4 Be8 11. Bf4 Nbd7 12. b5 Bxf4 13. bxc6 bxc6 14. gxf4 Ne4 15. Nxe4 fxe4 16. Ne5 Rxf4 17. Nxc6 Qg5 18. Qd2 Bh5 19. Rb3 Raf8 20. Rg3 Qf6 21. e3 Rh4 22. Nxa7 Qh6 23. c6 Bf3 24. h3 1-0

[Event "Quebec op"]
[Site "Montreal CAN"]
[Date "2004.07.20"]
[Round "5"]
[White "Wilkin, Alain"]
[Black "Bolduc, Steve"]
[Result "0-1"]
[WhiteElo "1959"]
[BlackElo "2145"]
[PlyCount "58"]
[GameId "2160767911095077"]
[EventDate "2004.07.17"]
[EventType "swiss"]
[EventRounds "9"]
[EventCountry "CAN"]

1. e4 c5 2. Nf3 Nc6 3. d3 g6 4. Nbd2 Bg7 5. g3 e6 6. Bg2 d5 7. O-O Nge7 8. Re1 O-O 9. Nh4 b5 10. exd5 exd5 11. a4 bxa4 12. Rxa4 Be6 13. Nhf3 h6 14. Nb3 Qb6 15. d4 c4 16. Nc5 Nxd4 17. Nxd4 Qxc5 18. Nxe6 fxe6 19. Rxe6 Qxf2+ 20. Kh1 Rae8 21. Be3 Qf7 22. Rxe7 Qxe7 23. Qxd5+ Kh8 24. Bg1 Rd8 25. Qxc4 Rd1 26. Qd3 Qe1 27. Qxd1 Qxd1 28. h4 Re8 29. Kh2 Qxc2 0-1

[Event "Quebec op"]
[Site "Montreal CAN"]
[Date "2004.07.21"]
[Round "5"]
[White "Anastasovski, Nikola"]
[Black "Patterson, Roger"]
[Result "0-1"]
[WhiteElo "2225"]
[BlackElo "2187"]
[PlyCount "98"]
[GameId "2160767911095078"]
[EventDate "2004.07.17"]
[EventType "swiss"]
[EventRounds "9"]
[EventCountry "CAN"]
[SourceTitle "CBM 101 Extra"]
[Source "ChessBase"]
[SourceDate "2004.09.01"]
[SourceVersion "2"]
[SourceVersionDate "2004.09.01"]
[SourceQuality "1"]

1. e4 e5 2. Nf3 Nc6 3. Bc4 Bc5 4. Nc3 Nf6 5. d3 a6 6. Be3 Ba7 7. h3 d6 8. Qd2 Be6 9. Bb3 Bxb3 10. axb3 d5 11. exd5 Nxd5 12. O-O Nxe3 13. fxe3 O-O 14. Kh1 f5 15. Rad1 Rf7 16. d4 e4 17. Nh2 Qh4 18. Rf4 Qh6 19. Rdf1 Raf8 20. h4 Bb8 21. Qf2 Nd8 22. g4 fxg4 23. Nxg4 Qh5 24. Ne5 Rxf4 25. exf4 c5 26. Nxe4 cxd4 27. Nd3 Ne6 28. f5 Qg4 29. Qg2 Qxh4+ 30. Kg1 Nf4 31. Nxf4 Bxf4 32. Rxf4 Qxf4 33. f6 g6 34. Qe2 Qe3+ 35. Kf1 Qxe2+ 36. Kxe2 Re8 37. Kd3 Rxe4 38. Kxe4 h5 39. Kxd4 h4 40. Ke4 g5 41. b4 h3 42. Kf3 g4+ 43. Kg3 Kf7 44. c4 Kxf6 45. c5 Ke5 46. b3 Kd4 47. Kxg4 h2 48. Kf5 h1=Q 49. Ke6 Qd5+ 0-1

[Event "Quebec op"]
[Site "Montreal CAN"]
[Date "2004.07.21"]
[Round "5"]
[White "Barbeau, Sylvain"]
[Black "Cazelais, Marc"]
[Result "1-0"]
[WhiteElo "2404"]
[BlackElo "2133"]
[PlyCount "63"]
[GameId "2160767911095079"]
[EventDate "2004.07.17"]
[EventType "swiss"]
[EventRounds "9"]
[EventCountry "CAN"]
[SourceTitle "CBM 101 Extra"]
[Source "ChessBase"]
[SourceDate "2004.09.01"]
[SourceVersion "2"]
[SourceVersionDate "2004.09.01"]
[SourceQuality "1"]

1. e4 c5 2. Nf3 Nc6 3. d4 cxd4 4. Nxd4 Nf6 5. Nc3 e5 6. Ndb5 d6 7. Bg5 a6 8. Na3 b5 9. Bxf6 gxf6 10. Nd5 Bg7 11. Bd3 Ne7 12. Nxe7 Qxe7 13. c3 f5 14. O-O O-O 15. Nc2 Bb7 16. exf5 d5 17. Ne3 Rad8 18. Qh5 e4 19. Be2 Rd6 20. Rad1 Qe5 21. Ng4 Qe7 22. f6 Bxf6 23. Nh6+ Kh8 24. Nf5 Qe5 25. Nxd6 Qxd6 26. Bg4 Qf4 27. g3 Qg5 28. Qxg5 Bxg5 29. f3 e3 30. f4 Bf6 31. Rfe1 Re8 32. Bf3 1-0

[Event "Quebec op"]
[Site "Montreal CAN"]
[Date "2004.07.21"]
[Round "5"]
[White "Castaneda, Nelson"]
[Black "Rousseau, Daniel"]
[Result "1-0"]
[WhiteElo "2288"]
[BlackElo "2109"]
[PlyCount "117"]
[GameId "2160767911095080"]
[EventDate "2004.07.17"]
[EventType "swiss"]
[EventRounds "9"]
[EventCountry "CAN"]
[SourceTitle "CBM 101 Extra"]
[Source "ChessBase"]
[SourceDate "2004.09.01"]
[SourceVersion "2"]
[SourceVersionDate "2004.09.01"]
[SourceQuality "1"]

1. d4 Nf6 2. c4 g6 3. Nc3 Bg7 4. e4 d6 5. Nf3 O-O 6. Be2 e5 7. O-O Nc6 8. d5 Ne7 9. Ne1 Nd7 10. Be3 f5 11. f3 f4 12. Bf2 g5 13. b4 Nf6 14. c5 Ng6 15. a4 h5 16. a5 g4 17. cxd6 cxd6 18. Nb5 g3 19. Bxa7 gxh2+ 20. Kh1 h4 21. Bb6 Qe7 22. Nc7 Nh5 23. Nxa8 Ng3+ 24. Kxh2 h3 25. Nc7 Qh4 26. Ne6 hxg2+ 27. Kxg2 Rf6 28. Nd3 Ne7 29. Nf2 Nxe2 30. Ng4 Qg3+ 31. Kh1 Qh3+ 32. Nh2 Ng3+ 33. Kg1 Rg6 34. Ng4 Rxg4 35. fxg4 Qh1+ 36. Kf2 Nxe4+ 37. Ke1 Qh4+ 38. Bf2 Nxf2 39. Rxf2 Qh1+ 40. Rf1 Qe4+ 41. Qe2 Qxb4+ 42. Qd2 Qe4+ 43. Kf2 Nxd5 44. Nxg7 Ne3 45. Rg1 Kxg7 46. Rae1 Nc4 47. Rxe4 Nxd2 48. Rb4 d5 49. Rc1 Be6 50. Rxb7+ Kf6 51. a6 e4 52. a7 e3+ 53. Kg1 f3 54. a8=Q f2+ 55. Kg2 Bxg4 56. Qf8+ Ke5 57. Qg7+ Kf4 58. Rf7+ Bf5 59. Qg3+ 1-0